Hijrah [ past and present

Bibliographic Details
Main Author: Khurshid Ahmad
Format: Book
Published: Leicester : The Islamic Foundation , 19_.
Subjects:

MARC

LEADER 00000cam a2200000 7i4500
001 0000000112
002 000000127
005 20020925.0
020 |a 000000127 
090 0 0 |a 297.7   |b KHU 
100 0 |a Khurshid Ahmad   |f Prof. 
245 1 0 |a Hijrah [  |h video recording] :   |b past and present   |c Prof. Khurshid Ahmad 
260 |a Leicester :   |b The Islamic Foundation ,   |c 19_. 
300 |a 1 Video recording VHS (60:00 min) :   |b col.(PAL) 
500 |a Library has 1 copy 
650 0 0 |a Hijrah (Islamic mission) 
999 |a PV0171   |b VIDEO   |c RUJUKAN   |e PERPUSTAKAAN KOMUNITI PETALING JAYA